[Event "Turkey Cup 2020"]
[Site "Antalya-Belek"]
[Date "2020.01.29"]
[Round "6.19"]
[White "Gallevci, Yagiz"]
[Black "Buke, Furkan"]
[Result "1-0"]
[WhiteElo "2186"]
[BlackElo "2041"]
[Annotator "NA"]
[PlyCount "105"]
[EventDate "2020.01.26"]
[EventType "swiss"]
[EventCountry "TUR"]
[SourceTitle "playchess.com"]
[Source "ChessBase"]
[SourceQuality "1"]

1. e4 c5 2. Nc3 Nc6 3. Bb5 Nd4 4. Bc4 g6 5. Nf3 Bg7 6. Nxd4 cxd4 7. Qf3 Nh6 8. Ne2 O-O 9. d3 Ng4 10. Bb3 d6 11. Qg3 a5 12. a4 Nf6 13. h4 Qd7 14. f3 Kh8 15. Nxd4 e5 16. Nb5 Nh5 17. Qf2 f5 18. Bd2 f4 19. Bc3 Qe7 20. Qb6 Ng3 21. Rh2 Ra6 22. Qc7 Qxc7 23. Nxc7 Ra7 24. Nb5 Ra6 25. Bd5 Bf6 26. b4 Bd8 27. bxa5 Bxa5 28. Bxa5 Rxa5 29. Nxd6 Bd7 30. Nf7+ Rxf7 31. Bxf7 Rxa4 32. Rxa4 Bxa4 33. Bb3 Be8 34. Kf2 Bd7 35. h5 gxh5 36. Bf7 Ba4 37. Bxh5 Kg7 38. c3 Bc2 39. d4 exd4 40. cxd4 b5 41. Be8 b4 42. Ke1 Bd3 43. Ba4 Bc4 44. Rh4 Ne2 45. Bb3 Ba6 46. Bd1 Nxd4 47. Rxf4 b3 48. Kd2 b2 49. Bc2 Nb5 50. e5 Na3 51. Rb4 Bf1 52. Kc3 Kf7 53. Rxb2 1-0

[Event "Turkey Cup 2020"]
[Site "Antalya-Belek"]
[Date "2020.01.29"]
[Round "6.20"]
[White "Demirbas, Emre"]
[Black "Bacak, Muhammed Kaan"]
[Result "0-1"]
[WhiteElo "1944"]
[BlackElo "2158"]
[Annotator "NA"]
[PlyCount "74"]
[EventDate "2020.01.26"]
[EventType "swiss"]
[EventCountry "TUR"]
[SourceTitle "playchess.com"]
[Source "ChessBase"]
[SourceQuality "1"]

1. d4 Nf6 2. c4 g6 3. Nc3 d5 4. cxd5 Nxd5 5. e4 Nxc3 6. bxc3 Bg7 7. Bc4 c5 8. Ne2 O-O 9. Be3 Nc6 10. Rc1 Qc7 11. h4 Na5 12. Bd3 e5 13. d5 c4 14. Bc2 b6 15. h5 Nb7 16. hxg6 fxg6 17. Qd2 Nd6 18. Bh6 Qf7 19. f3 Bd7 20. Ng3 Rac8 21. Ke2 b5 22. a3 a5 23. Rb1 Rb8 24. Rh2 Bxh6 25. Qxh6 Qe7 26. Qe3 Nc8 27. Rhh1 Rf7 28. Kd2 Nd6 29. Ne2 Re8 30. g3 Nb7 31. Ba4 Ref8 32. Ng1 Qxa3 33. Bxb5 Qa2+ 34. Kc1 Bxb5 35. Rxb5 Qg2 36. Qh6 Nd6 37. Rb6 Qf1+ 0-1

[Event "Turkey Cup 2020"]
[Site "Antalya-Belek"]
[Date "2020.01.29"]
[Round "6.21"]
[White "Ozalp, Burak"]
[Black "Kara, Yanki"]
[Result "0-1"]
[WhiteElo "1897"]
[BlackElo "2175"]
[Annotator "NA"]
[PlyCount "134"]
[EventDate "2020.01.26"]
[EventType "swiss"]
[EventCountry "TUR"]
[SourceTitle "playchess.com"]
[Source "ChessBase"]
[SourceQuality "1"]

1. e4 d6 2. d4 g6 3. Nc3 Bg7 4. Bg5 a6 5. Nf3 b5 6. a4 b4 7. Nd5 Bb7 8. Bd3 Nd7 9. O-O Ngf6 10. Nxf6+ Nxf6 11. Re1 Nd7 12. a5 O-O 13. Qd2 Rb8 14. Qe2 Ra8 15. c3 c5 16. h3 Re8 17. Bc4 Qc7 18. Rec1 bxc3 19. bxc3 e6 20. Bd3 Rec8 21. Rab1 Rcb8 22. Qa2 Bc6 23. d5 exd5 24. exd5 Bb7 25. Bf4 Bc8 26. Qa4 Bb7 27. c4 Ra7 28. Rb3 Ba8 29. Rxb8+ Qxb8 30. Rb1 Qc7 31. g4 Rb7 32. Rxb7 Bxb7 33. Kg2 Bf6 34. h4 Bc8 35. h5 Bd8 36. h6 Nf6 37. g5 Bd7 38. Qa1 Ne8 39. Bd2 Bc8 40. Qe1 Qd7 41. Qe4 Qh3+ 42. Kg1 Kf8 43. Bf1 Qd7 44. Bc3 f6 45. gxf6 Bxf6 46. Bxf6 Nxf6 47. Qf4 Ke7 48. Ng5 Qg4+ 49. Qxg4 Bxg4 50. f3 Bf5 51. Kf2 Ng8 52. Nxh7 Nxh6 53. Ng5 Nf7 54. f4 Nd8 55. Ke3 Nb7 56. Bd3 Nxa5 57. Bxf5 gxf5 58. Kd3 Nb3 59. Ne6 Nd4 60. Nc7 a5 61. Kc3 Ne2+ 62. Kb3 Nxf4 63. Ka4 Nd3 64. Ne6 f4 65. Ng5 Ne5 66. Kxa5 f3 67. Ne4 Ng4 0-1

[Event "Turkey Cup 2020"]
[Site "Antalya-Belek"]
[Date "2020.01.29"]
[Round "6.22"]
[White "Yasin, Hur"]
[Black "Pektas, Yigit"]
[Result "0-1"]
[WhiteElo "1936"]
[BlackElo "2155"]
[Annotator "NA"]
[PlyCount "68"]
[EventDate "2020.01.26"]
[EventType "swiss"]
[EventCountry "TUR"]
[SourceTitle "playchess.com"]
[Source "ChessBase"]
[SourceQuality "1"]

1. e4 c6 2. Ne2 d5 3. e5 c5 4. d4 Nc6 5. c3 Bf5 6. Qb3 Na5 7. Qd1 e6 8. dxc5 Nc6 9. b4 Nxe5 10. Nd4 Ne7 11. Bf4 f6 12. Bxe5 fxe5 13. Bb5+ Kf7 14. Nf3 Ng6 15. h4 h5 16. Ng5+ Kg8 17. g3 Be7 18. Nf3 Bg4 19. Be2 Bf6 20. Nbd2 Qe7 21. Ng1 e4 22. Qb3 Ne5 23. f3 exf3 24. Ngxf3 Qc7 25. Rg1 Rf8 26. O-O-O Bxh4 27. Nxe5 Bxe2 28. Rde1 Qxe5 29. gxh4 Rf2 30. Qc2 Rh6 31. Nb3 Qh2 32. Nd4 Bb5 33. Qxf2 Qxf2 34. Nxb5 Qxa2 0-1

[Event "Turkey Cup 2020"]
[Site "Antalya-Belek"]
[Date "2020.01.29"]
[Round "6.23"]
[White "Koksal, Ege"]
[Black "Danaci, Ege"]
[Result "1-0"]
[WhiteElo "2368"]
[BlackElo "1974"]
[Annotator "TA"]
[PlyCount "105"]
[EventDate "2020.01.26"]
[EventType "swiss"]
[EventCountry "TUR"]
[SourceTitle "playchess.com"]
[Source "ChessBase"]
[SourceQuality "1"]

1. d4 Nf6 2. c4 g6 3. Nc3 Bg7 4. e4 O-O 5. f3 c5 6. dxc5 b6 7. cxb6 Qxb6 8. Bd3 Ba6 9. Nge2 Nc6 10. c5 Qa5 11. Bxa6 Qxa6 12. O-O d6 13. Qa4 Qxa4 14. Nxa4 dxc5 15. Nxc5 Rfb8 16. Rb1 Ne8 17. Na4 Nb4 18. Nac3 Nd3 19. Rd1 Nxc1 20. Rdxc1 Rc8 21. b3 Nd6 22. Nd5 Kf8 23. Rxc8+ Rxc8 24. Rc1 Rxc1+ 25. Nxc1 e6 26. Nb4 Nb5 27. Ne2 Ke8 28. Kf2 Kd7 29. Ke3 a5 30. Nc2 Kc6 31. Ned4+ Nxd4 32. Nxd4+ Kc5 33. Nc2 g5 34. Kd3 Bb2 35. Ne3 Be5 36. h3 Bg3 37. a3 Bf4 38. Nc4 Kb5 39. e5 Kc5 40. Nxa5 Bxe5 41. Nb7+ Kd5 42. a4 Bc7 43. b4 Kc6 44. Nc5 Kd5 45. Ne4 h6 46. Nc3+ Kc6 47. Kc4 f5 48. a5 Bg3 49. b5+ Kb7 50. Na4 Be1 51. Nc5+ Ka7 52. b6+ Kb8 53. a6 1-0

[Event "Turkey Cup 2020"]
[Site "Antalya-Belek"]
[Date "2020.01.29"]
[Round "6.24"]
[White "Kilic, Efe Mert"]
[Black "Yaylali, Adnan Dogan"]
[Result "1-0"]
[WhiteElo "2247"]
[BlackElo "1947"]
[Annotator "NA"]
[PlyCount "113"]
[EventDate "2020.01.26"]
[EventType "swiss"]
[EventCountry "TUR"]
[SourceTitle "playchess.com"]
[Source "ChessBase"]
[SourceQuality "1"]

1. Nf3 Nf6 2. g3 g6 3. Bg2 Bg7 4. b3 Ne4 5. c3 O-O 6. Qc2 d5 7. d3 Nd6 8. e4 Nc6 9. Bb2 dxe4 10. dxe4 f5 11. Nbd2 fxe4 12. Nxe4 Bg4 13. Nfd2 Ne5 14. f4 Nf5 15. Nf2 Ne3 16. Qe4 Nxg2+ 17. Qxg2 Nd3+ 18. Nxd3 Qxd3 19. h3 Qe3+ 20. Kf1 Rad8 21. Nc4 Qd3+ 22. Kf2 Be6 23. Rhe1 Bd5 24. Qh2 Bxc4 25. bxc4 Qc2+ 26. Re2 Rd2 27. Rxd2 Qxd2+ 28. Kg1 Rd8 29. Qxd2 Rxd2 30. Rb1 b6 31. c5 Rd3 32. cxb6 axb6 33. Kg2 Bxc3 34. Ba3 e5 35. Rb3 e4 36. Bc1 Kf7 37. Ra3 Ba5 38. Kf2 e3+ 39. Ke2 Rxa3 40. Bxa3 Bd2 41. Bb2 c5 42. a4 Ke6 43. g4 Kd5 44. f5 gxf5 45. gxf5 c4 46. f6 Ke6 47. Bd4 c3 48. Kd3 c2 49. Kxc2 h5 50. Kd3 Kf7 51. Bxb6 Kxf6 52. a5 Bxa5 53. Bxa5 Kg5 54. Be1 Kf4 55. Ke2 Ke4 56. Bg3 Kd4 57. Bf4 1-0

[Event "Turkey Cup 2020"]
[Site "Antalya-Belek"]
[Date "2020.01.29"]
[Round "6.25"]
[White "Oney, Adil Feridun"]
[Black "Duran, Esma Doga"]
[Result "1-0"]
[WhiteElo "2041"]
[BlackElo "1877"]
[Annotator "NA"]
[PlyCount "67"]
[EventDate "2020.01.26"]
[EventType "swiss"]
[EventCountry "TUR"]
[SourceTitle "playchess.com"]
[Source "ChessBase"]
[SourceQuality "1"]

1. c4 e6 2. Nc3 d5 3. d4 Nf6 4. Nf3 c6 5. Qd3 dxc4 6. Qxc4 b5 7. Qd3 a6 8. Bg5 Nbd7 9. g3 Bb7 10. Bg2 c5 11. O-O Be7 12. Rfd1 c4 13. Qc2 h6 14. Bf4 O-O 15. a3 Qb6 16. e4 a5 17. Ne5 Nxe5 18. dxe5 Ng4 19. Qe2 h5 20. h3 Nxf2 21. Be3 Nxh3+ 22. Bxh3 Bc5 23. Bf2 f5 24. exf5 Qc6 25. Kh2 exf5 26. Bxc5 Qxc5 27. Bg2 Bxg2 28. Qxg2 Rad8 29. Rd5 Qe3 30. Rad1 Rxd5 31. Qxd5+ Kh8 32. Qd4 Qf3 33. Qf4 Qc6 34. Rd6 1-0

[Event "Turkey Cup 2020"]
[Site "Antalya-Belek"]
[Date "2020.01.29"]
[Round "6.26"]
[White "Makaraci, Tunahan"]
[Black "Altun, Arda"]
[Result "1-0"]
[WhiteElo "2029"]
[BlackElo "2200"]
[Annotator "NA"]
[PlyCount "75"]
[EventDate "2020.01.26"]
[EventType "swiss"]
[EventCountry "TUR"]
[SourceTitle "playchess.com"]
[Source "ChessBase"]
[SourceQuality "1"]

1. e4 c6 2. d4 d5 3. e5 Bf5 4. Nf3 e6 5. Be2 Bg6 6. O-O Ne7 7. Nbd2 Nf5 8. Nb3 Be7 9. Bd2 Nd7 10. a4 Rc8 11. a5 O-O 12. c4 dxc4 13. Bxc4 c5 14. d5 exd5 15. Bxd5 c4 16. Nc1 Nxe5 17. Bxb7 Nxf3+ 18. Bxf3 Qc7 19. Bc3 Rfd8 20. Qa4 Bd6 21. g3 Bc5 22. Ne2 Rd3 23. Bg2 Rcd8 24. Nf4 Nxg3 25. hxg3 Rxg3 26. Nxg6 hxg6 27. a6 Rg4 28. Qa5 Bb6 29. Qe5 Qxe5 30. Bxe5 Rd5 31. Bf4 Rh5 32. Be3 Bc7 33. f3 Rgh4 34. Bxa7 Rb5 35. Be3 Rxb2 36. Rf2 Bh2+ 37. Kf1 Rb8 38. a7 1-0

[Event "Turkey Cup 2020"]
[Site "Antalya-Belek"]
[Date "2020.01.29"]
[Round "6.27"]
[White "Demir, Bilal"]
[Black "Gunduz, Umut Erdem"]
[Result "1/2-1/2"]
[WhiteElo "1964"]
[BlackElo "2193"]
[Annotator "NA"]
[PlyCount "55"]
[EventDate "2020.01.26"]
[EventType "swiss"]
[EventCountry "TUR"]
[SourceTitle "playchess.com"]
[Source "ChessBase"]
[SourceQuality "1"]

1. e4 e5 2. Nf3 Nc6 3. Bc4 Bc5 4. d3 Nf6 5. c3 d6 6. Bb3 a6 7. O-O O-O 8. Re1 Ba7 9. h3 h6 10. Nbd2 Re8 11. Nf1 Be6 12. N3h2 Nh7 13. Be3 d5 14. Bxa7 Rxa7 15. Ng3 Ra8 16. Qe2 d4 17. Nf3 Bxb3 18. axb3 Ng5 19. Nf5 Ne6 20. g3 Kh7 21. b4 Qd7 22. Kh2 g6 23. N5h4 Ng5 24. Ng1 Rad8 25. Rad1 Kg7 26. Rf1 Qe7 27. Ng2 f6 28. f4 1/2-1/2

[Event "Turkey Cup 2020"]
[Site "Antalya-Belek"]
[Date "2020.01.29"]
[Round "6.28"]
[White "Ersahin, Bulent"]
[Black "Aysoy, Veysi"]
[Result "1-0"]
[WhiteElo "2121"]
[BlackElo "1869"]
[Annotator "NA"]
[PlyCount "43"]
[EventDate "2020.01.26"]
[EventType "swiss"]
[EventCountry "TUR"]
[SourceTitle "playchess.com"]
[Source "ChessBase"]
[SourceQuality "1"]

1. Nf3 f5 2. g3 Nf6 3. Bg2 g6 4. c4 Bg7 5. Nc3 d6 6. d4 O-O 7. O-O Nc6 8. d5 Ne5 9. Nxe5 dxe5 10. e4 e6 11. Be3 Qe7 12. Rc1 Rd8 13. Qb3 Ng4 14. Bd2 c6 15. h3 Nf6 16. Rfd1 h5 17. Bg5 Kh7 18. exf5 exf5 19. dxc6 e4 20. Rxd8 Qxd8 21. cxb7 Bxb7 22. Qxb7 1-0

[Event "Turkey Cup 2020"]
[Site "Antalya-Belek"]
[Date "2020.01.29"]
[Round "6.29"]
[White "Kilic, Gokturk Kagan"]
[Black "Demirbag, Alihan"]
[Result "1/2-1/2"]
[WhiteElo "1923"]
[BlackElo "2104"]
[Annotator "NA"]
[PlyCount "59"]
[EventDate "2020.01.26"]
[EventType "swiss"]
[EventCountry "TUR"]
[SourceTitle "playchess.com"]
[Source "ChessBase"]
[SourceQuality "1"]

1. d4 d5 2. c4 e6 3. Nf3 Nf6 4. g3 Be7 5. Bg2 O-O 6. O-O dxc4 7. Ne5 Nbd7 8. Nxc4 c5 9. dxc5 Bxc5 10. Nc3 Qe7 11. Bf4 e5 12. Bg5 Qe6 13. Nd5 Nxd5 14. Qxd5 Qxd5 15. Bxd5 h6 16. Be3 Bxe3 17. Nxe3 Nf6 18. Bb3 b6 19. Nd5 Nxd5 20. Bxd5 Rb8 21. Rfd1 Ba6 22. e4 Rfd8 23. Rac1 Rd7 24. Rc3 Rbd8 25. Rdc1 Bb7 26. Rc8 Rxc8 27. Rxc8+ Kh7 28. Kf1 Kg6 29. Ke2 f6 30. Ke3 1/2-1/2

[Event "Turkey Cup 2020"]
[Site "Antalya-Belek"]
[Date "2020.01.29"]
[Round "6.30"]
[White "Kirilmaz, Emre"]
[Black "Aydogdu, Selcan Ayberk"]
[Result "1-0"]
[WhiteElo "2068"]
[BlackElo "1940"]
[Annotator "NA"]
[PlyCount "71"]
[EventDate "2020.01.26"]
[EventType "swiss"]
[EventCountry "TUR"]
[SourceTitle "playchess.com"]
[Source "ChessBase"]
[SourceQuality "1"]

1. d4 Nf6 2. c3 d5 3. Bg5 Ne4 4. Bf4 c6 5. Nd2 Bf5 6. Ngf3 Nd7 7. Qb3 Qb6 8. e3 e6 9. Nh4 Nxd2 10. Kxd2 Bg6 11. Nxg6 hxg6 12. Bd3 Nf6 13. h3 Kd7 14. Qc2 Bd6 15. Bxd6 Kxd6 16. c4 dxc4 17. Bxc4 Rad8 18. Ke2 Ke7 19. b4 Nd5 20. Rab1 g5 21. Rhc1 g4 22. hxg4 Rh2 23. Qe4 Nf6 24. Qf3 Rh4 25. b5 Nd5 26. Qg3 Rhh8 27. Bxd5 cxd5 28. Qf4 f6 29. g5 Rc8 30. gxf6+ gxf6 31. Kf3 Rc4 32. Qg3 Kf7 33. Rh1 Rcc8 34. Rxh8 Rxh8 35. Rc1 Re8 36. Rh1 1-0

[Event "Turkey Cup 2020"]
[Site "Antalya-Belek"]
[Date "2020.01.29"]
[Round "6.31"]
[White "Kucuk, Dogan"]
[Black "Bek, Emir"]
[Result "1-0"]
[WhiteElo "2005"]
[BlackElo "1829"]
[Annotator "NA"]
[PlyCount "67"]
[EventDate "2020.01.26"]
[EventType "swiss"]
[EventCountry "TUR"]
[SourceTitle "playchess.com"]
[Source "ChessBase"]
[SourceQuality "1"]

1. d4 d5 2. Nc3 Nf6 3. Bg5 Nbd7 4. Qd3 g6 5. e4 dxe4 6. Nxe4 Bg7 7. Nf3 c6 8. g3 Qb6 9. Bc1 Nxe4 10. Qxe4 Nf6 11. Qe2 Bg4 12. c3 O-O 13. Bg2 Rfe8 14. O-O Rad8 15. h3 Bxf3 16. Qxf3 Nd5 17. Rd1 e5 18. dxe5 Bxe5 19. Bf1 Rd6 20. Bc4 Rf6 21. Qg2 Nxc3 22. bxc3 Bxc3 23. Bf4 Bxa1 24. Rxa1 Qd4 25. Rc1 Rf5 26. Qf3 b5 27. Bf1 Qb2 28. Qxc6 Re6 29. Qa8+ Kg7 30. Rc8 Qxa2 31. Rg8+ Kf6 32. Qd8+ Re7 33. Qd4+ Ke6 34. Qd6# 1-0

[Event "Turkey Cup 2020"]
[Site "Antalya-Belek"]
[Date "2020.01.29"]
[Round "6.32"]
[White "Kaptan, Emre Akin"]
[Black "Mecit, Emre"]
[Result "0-1"]
[WhiteElo "1869"]
[BlackElo "2019"]
[Annotator "NA"]
[PlyCount "142"]
[EventDate "2020.01.26"]
[EventType "swiss"]
[EventCountry "TUR"]
[SourceTitle "playchess.com"]
[Source "ChessBase"]
[SourceQuality "1"]

1. e4 c5 2. c3 Nf6 3. e5 Nd5 4. d4 cxd4 5. Nf3 d6 6. cxd4 Nc6 7. Bc4 Nb6 8. Bd3 dxe5 9. dxe5 Nb4 10. Bb5+ Bd7 11. Qe2 Nc2+ 12. Qxc2 Bxb5 13. Nc3 Bd3 14. Qb3 Bc4 15. Qc2 Rc8 16. Be3 e6 17. Bxb6 Qxb6 18. Qa4+ Rc6 19. O-O-O Qa6 20. Qxa6 Bxa6 21. Rd2 Bb4 22. Kc2 Ke7 23. Ng5 Bc4 24. Rd4 Bxc3 25. bxc3 Bd5 26. Rhd1 Rhc8 27. R1d3 Ra6 28. a4 h6 29. Ne4 Ra5 30. Rb4 Bc6 31. Nd6 Rc7 32. Rf4 Bxa4+ 33. Kd2 Be8 34. Rdf3 Rxe5 35. Nxf7 Rd5+ 36. Kc2 Rcc5 37. g4 Ra5 38. h4 Ra2+ 39. Kb3 Rda5 40. Nh8 R5a3+ 41. Kc4 Ra4+ 42. Kd3 Bb5+ 43. c4 R2a3+ 44. Kd2 Rxf3 45. Rxf3 Ra2+ 46. Kc1 Be8 47. h5 Ra4 48. Ng6+ Bxg6 49. hxg6 Rxc4+ 50. Kb2 Kd6 51. Rf7 Rc7 52. Rf8 b6 53. f4 a5 54. f5 exf5 55. gxf5 h5 56. f6 gxf6 57. Rxf6+ Ke5 58. Rxb6 h4 59. Rb5+ Kf6 60. Rh5 Rc4 61. Kb3 Kxg6 62. Rxa5 Rc7 63. Rd5 Rh7 64. Kc3 h3 65. Rd6+ Kf5 66. Rd5+ Ke4 67. Rd4+ Kf3 68. Rd3+ Ke4 69. Rd4+ Ke5 70. Rd1 h2 71. Rh1 Ke4 0-1

[Event "Turkey Cup 2020"]
[Site "Antalya-Belek"]
[Date "2020.01.29"]
[Round "6.33"]
[White "Koc, Ilkay"]
[Black "Kocakaplan, Emre"]
[Result "1-0"]
[WhiteElo "2007"]
[BlackElo "1857"]
[Annotator "NA"]
[PlyCount "101"]
[EventDate "2020.01.26"]
[EventType "swiss"]
[EventCountry "TUR"]
[SourceTitle "playchess.com"]
[Source "ChessBase"]
[SourceQuality "1"]

1. d4 Nf6 2. c4 e6 3. g3 d5 4. Nf3 Be7 5. Bg2 O-O 6. O-O dxc4 7. Qc2 a6 8. Qxc4 Bd7 9. Ne5 Bb5 10. Qc2 Ra7 11. Rd1 Nd5 12. a3 Nc6 13. e4 Nf6 14. Be3 Ra8 15. Nc3 Nxe5 16. dxe5 Nd7 17. Nxb5 axb5 18. Qd3 Nxe5 19. Qxb5 Bd6 20. Bd4 Qd7 21. Qf1 Qa4 22. Qe2 Nc6 23. Bc3 e5 24. Rd5 Rfe8 25. Rad1 Rab8 26. Bf1 Qa7 27. Qc2 Re6 28. Kg2 Rbe8 29. Bb5 Qb8 30. a4 Rf8 31. Qd2 Na7 32. Bc4 Re7 33. b4 Nc8 34. a5 Kh8 35. h4 h6 36. f4 f6 37. f5 Ree8 38. b5 Ne7 39. Rd3 Bc5 40. g4 Qc8 41. Rd7 Bd6 42. Be6 Qa8 43. b6 Rd8 44. g5 Rxd7 45. Bxd7 fxg5 46. hxg5 Qd8 47. Be6 Ng8 48. Bxe5 Qe8 49. gxh6 Bxe5 50. hxg7+ Bxg7 51. Rh1+ 1-0

[Event "Turkey Cup 2020"]
[Site "Antalya-Belek"]
[Date "2020.01.29"]
[Round "6.34"]
[White "Selvi, Kaan"]
[Black "Sahin, Handenur"]
[Result "0-1"]
[WhiteElo "1907"]
[BlackElo "2024"]
[Annotator "NA"]
[PlyCount "124"]
[EventDate "2020.01.26"]
[EventType "swiss"]
[EventCountry "TUR"]
[SourceTitle "playchess.com"]
[Source "ChessBase"]
[SourceQuality "1"]

1. e4 e5 2. Nf3 Nc6 3. Bc4 Nf6 4. d4 exd4 5. O-O Nxe4 6. Re1 d5 7. Bxd5 Qxd5 8. Nc3 Qa5 9. Nxe4 Be6 10. Neg5 O-O-O 11. Nxe6 fxe6 12. Rxe6 Bd6 13. Bg5 Rdf8 14. Bh4 Qh5 15. Re4 Re8 16. Rxe8+ Rxe8 17. Qd2 Ne5 18. Nxe5 Qxe5 19. Bg3 Qe2 20. Qa5 Bxg3 21. hxg3 Qxc2 22. Re1 Rxe1+ 23. Qxe1 Qg6 24. f4 b6 25. Qe5 Qf6 26. Qd5 c6 27. Qe4 g6 28. Kf2 Kc7 29. Ke2 c5 30. g4 Kd6 31. Kd2 Qe6 32. Qa8 Qe3+ 33. Kd1 Qd3+ 34. Ke1 Qb1+ 35. Kf2 Qxb2+ 36. Kg3 Qc3+ 37. Kh4 Qe1+ 38. Kg5 Qe7+ 39. Kh6 c4 40. Qc8 c3 41. Qc4 Qe3 42. g3 Qe4 43. Qb4+ Kc7 44. Qc4+ Kb7 45. Qf7+ Ka6 46. Qc4+ Kb7 47. Qf7+ Kc8 48. Qc4+ Kd8 49. Qg8+ Qe8 50. Qd5+ Qd7 51. Qa8+ Ke7 52. Qe4+ Qe6 53. Qxd4 g5+ 54. Kxh7 Qf7+ 55. Kh6 Qf6+ 56. Qxf6+ Kxf6 57. fxg5+ Ke7 58. g6 c2 59. g7 c1=Q+ 60. Kh7 Qh1+ 61. Kg8 Qa8+ 62. Kh7 Kf7 0-1

[Event "Turkey Cup 2020"]
[Site "Antalya-Belek"]
[Date "2020.01.29"]
[Round "6.35"]
[White "Unat, Can Haktan"]
[Black "Isik, Can"]
[Result "1/2-1/2"]
[WhiteElo "2257"]
[BlackElo "1710"]
[Annotator "NA"]
[PlyCount "211"]
[EventDate "2020.01.26"]
[EventType "swiss"]
[EventCountry "TUR"]
[SourceTitle "playchess.com"]
[Source "ChessBase"]
[SourceQuality "1"]

1. e4 e6 2. d4 d5 3. Nc3 Nf6 4. e5 Nfd7 5. f4 c5 6. Nf3 Nc6 7. Be3 Qb6 8. Na4 Qa5+ 9. c3 b6 10. Be2 Ba6 11. Bxa6 Qxa6 12. Kf2 Rc8 13. Re1 cxd4 14. cxd4 Be7 15. Kg1 O-O 16. Nc3 f6 17. f5 Ndxe5 18. dxe5 fxe5 19. Bf2 Rxf5 20. Rc1 e4 21. Nxe4 dxe4 22. Rxe4 Nd8 23. Rd4 Rxc1 24. Qxc1 Rc5 25. Qe1 Qc8 26. Rd1 Rc2 27. Bd4 Bc5 28. Qe3 Bxd4 29. Nxd4 Rc5 30. b4 Rd5 31. Rf1 Qd7 32. Qf3 Nf7 33. Nb3 a5 34. bxa5 bxa5 35. Qe3 Rd1 36. Qf2 a4 37. Nc1 Rxf1+ 38. Kxf1 Ne5 39. Ne2 Qd1+ 40. Qe1 Qd3 41. Qb4 Qd1+ 42. Qe1 Qd3 43. Qc1 Qf5+ 44. Kg1 Nd3 45. Qc8+ Kf7 46. Qd7+ Kf8 47. Qd8+ Kf7 48. Qd7+ Kf8 49. Qc8+ Kf7 50. Qc7+ Kf8 51. Qb8+ Kf7 52. Qc7+ Kf8 53. Qc8+ Kf7 54. Qc7+ Kf8 55. Qb8+ Kf7 56. Qa7+ Kf8 57. Qa8+ Kf7 58. Qa7+ Kf8 59. Qe3 Qc5 60. Nd4 Qc1+ 61. Qxc1 Nxc1 62. Nxe6+ Ke7 63. Nxg7 Nxa2 64. Nf5+ Ke6 65. Ne3 Nc3 66. Nc2 Kd5 67. Kf2 Kc4 68. Ke3 Kb3 69. Kd3 Nd5 70. g4 Nf4+ 71. Kd2 Kb2 72. h4 Ng6 73. Ne3 Nxh4 74. Nc4+ Kb3 75. Na5+ Kb4 76. Nc6+ Kc5 77. Ne5 Ng6 78. Nd7+ Kb4 79. Kc2 h6 80. Nf6 Ne5 81. Nd5+ Kc5 82. Ne3 Kb4 83. Nd5+ Kc5 84. Ne3 Kb5 85. Kc3 Kc5 86. Kc2 Kb4 87. Nd5+ Ka3 88. Ne3 Ka2 89. Kc3 Ka3 90. Kc2 Ka2 91. Kc3 Nc6 92. Nc4 Kb1 93. Nd2+ Kc1 94. Nc4 Kb1 95. Nd2+ Kc1 96. Nc4 Kd1 97. Nb2+ Ke2 98. Nxa4 Kf3 99. Nc5 Kxg4 100. Ne4 Ne5 101. Kd2 Kf3 102. Nf6 Ng4 103. Nxg4 Kxg4 104. Ke2 Kg3 105. Kf1 Kh2 106. Kf2 1/2-1/2

[Event "Turkey Cup 2020"]
[Site "Antalya-Belek"]
[Date "2020.01.29"]
[Round "6.36"]
[White "Ozkan, Ervin"]
[Black "Ozcan, Ilker"]
[Result "1/2-1/2"]
[WhiteElo "2185"]
[BlackElo "1858"]
[Annotator "NA"]
[PlyCount "124"]
[EventDate "2020.01.26"]
[EventType "swiss"]
[EventCountry "TUR"]
[SourceTitle "playchess.com"]
[Source "ChessBase"]
[SourceQuality "1"]

1. d4 d6 2. Bf4 g6 3. e3 Bg7 4. Nf3 Nd7 5. h3 e5 6. Bh2 Qe7 7. Be2 f5 8. c4 Nh6 9. Nc3 c6 10. b4 Nf7 11. b5 O-O 12. O-O Nf6 13. bxc6 bxc6 14. Qa4 Bd7 15. Qa3 Ne4 16. dxe5 Nxc3 17. Qxc3 dxe5 18. c5 Kh8 19. Rab1 Rab8 20. Rfd1 Rxb1 21. Rxb1 Be6 22. Ba6 Bxa2 23. Rb7 Qe6 24. Rxa7 Bd5 25. Nd2 Rd8 26. Qc2 Kg8 27. Bg3 Bh6 28. e4 fxe4 29. Nxe4 Ng5 30. Nxg5 Bxg5 31. Qb2 Re8 32. Be2 h5 33. Qb7 Qe7 34. Qb6 Qe6 35. Qb7 Qe7 36. Qb1 Qf6 37. h4 Bh6 38. Qb7 Bg7 39. Qd7 Qf7 40. Qxf7+ Bxf7 41. Rc7 Bd5 42. Ba6 Bf8 43. Bb7 Re7 44. Rxe7 Bxe7 45. Bxe5 Bxc5 46. Ba6 Be7 47. Bd3 Kf7 48. g3 Bf6 49. Bxf6 Kxf6 50. Kf1 Be6 51. Ke2 Bf5 52. Bc4 Ke5 53. Ke3 c5 54. f3 Bd7 55. Bd3 Bf5 56. Be2 Be6 57. g4 hxg4 58. fxg4 Bf7 59. Bd3 Be6 60. Bxg6 Bxg4 61. Bf7 Be6 62. Kd3 Kf5 1/2-1/2

[Event "Turkey Cup 2020"]
[Site "Antalya-Belek"]
[Date "2020.01.29"]
[Round "6.38"]
[White "Gonullu, Muhammed Sinan"]
[Black "Usun, Tolga"]
[Result "1/2-1/2"]
[WhiteElo "1787"]
[BlackElo "2021"]
[Annotator "NA"]
[PlyCount "155"]
[EventDate "2020.01.26"]
[EventType "swiss"]
[EventCountry "TUR"]
[SourceTitle "playchess.com"]
[Source "ChessBase"]
[SourceQuality "1"]

1. d4 Nf6 2. Bg5 Ne4 3. h4 g6 4. Nd2 Nxg5 5. hxg5 Bg7 6. c3 d6 7. Ngf3 Nc6 8. e3 e5 9. dxe5 Nxe5 10. Nxe5 Bxe5 11. Nf3 Bg7 12. Qa4+ Kf8 13. Qf4 Kg8 14. O-O-O Be6 15. Bc4 Bxc4 16. Qxc4 h6 17. gxh6 Rxh6 18. Rxh6 Bxh6 19. Rh1 Bg7 20. Qf4 Qf6 21. Qxf6 Bxf6 22. Kc2 Re8 23. Nd2 d5 24. Re1 c6 25. e4 Bh4 26. g3 Bf6 27. f3 Kg7 28. Rh1 dxe4 29. Nxe4 Be5 30. g4 f5 31. gxf5 gxf5 32. Rg1+ Kf7 33. Nc5 Re7 34. Re1 Kf6 35. Nd3 Bd6 36. Rxe7 Bxe7 37. Kd2 Bd6 38. Ke3 Bh2 39. f4 Bg1+ 40. Kf3 Ke6 41. c4 Bd4 42. b3 b5 43. a4 bxa4 44. bxa4 Kd6 45. Kg3 Be3 46. Kf3 Bd4 47. Kg3 Bf6 48. Kf3 Bc3 49. Kg3 Bd2 50. Kf3 Ba5 51. Ke3 Bd8 52. Kd2 Be7 53. Kc3 Kc7 54. c5 Bf6+ 55. Kc4 Kd7 56. a5 Bh4 57. Ne5+ Kc7 58. a6 Bf2 59. Nf7 Bg3 60. Nd6 Bxf4 61. Nxf5 Bh2 62. Nd4 Bg1 63. Nf5 Bf2 64. Nd6 Kd7 65. Nb7 Be1 66. Nd6 Bg3 67. Nb7 Bc7 68. Kd4 Ke7 69. Ke4 Ke6 70. Kd4 Kf5 71. Kd3 Ke5 72. Kc4 Ke6 73. Kd4 Kf5 74. Kd3 Kf6 75. Ke4 Ke7 76. Kd4 Kd7 77. Kd3 Kc8 78. Ke4 1/2-1/2

[Event "Turkey Cup 2020"]
[Site "Antalya-Belek"]
[Date "2020.01.29"]
[Round "6.39"]
[White "Sat, Eray"]
[Black "Demircin, Kasim"]
[Result "0-1"]
[WhiteElo "1781"]
[BlackElo "1915"]
[Annotator "NA"]
[PlyCount "96"]
[EventDate "2020.01.26"]
[EventType "swiss"]
[EventCountry "TUR"]
[SourceTitle "playchess.com"]
[Source "ChessBase"]
[SourceQuality "1"]

1. e4 e6 2. b3 d5 3. Bb2 a6 4. exd5 exd5 5. Nf3 Bf5 6. d4 Nf6 7. Be2 Bd6 8. O-O O-O 9. c4 Re8 10. Nbd2 Nbd7 11. Re1 c6 12. Nf1 Bb4 13. N1d2 Ne4 14. a3 Ba5 15. b4 Bc7 16. Nf1 Ndf6 17. Ne3 Bg6 18. Ne5 dxc4 19. N3xc4 Nd5 20. Bd3 Nd6 21. Nxg6 hxg6 22. Ne5 Qf6 23. Qg4 a5 24. bxa5 Bxa5 25. Re3 Nxe3 26. fxe3 Qe6 27. Qh4 Bd8 28. Qg3 Bf6 29. Ng4 Nf5 30. Qf4 Nxe3 31. Ne5 Bxe5 32. dxe5 Nd5 33. Qh4 Qe7 34. Qe4 b5 35. Rf1 Ra4 36. Qe1 Qc5+ 37. Kh1 Qe3 38. Qd1 Rh4 39. Rf3 Qh6 40. h3 Ne3 41. Qe2 Nc4 42. Bxc4 Rxc4 43. Qd3 Qh4 44. a4 bxa4 45. Qf1 Re4 46. g3 Qe7 47. Qa1 Qe6 48. g4 Qd5 0-1